000 00733nam a2200205 a 4500
003 0
005 20250225091624.0
008 111115s19uu xx 00 eng d
050 _aPGS LB 1139.5.R43
_b.K16 2011
100 _aKang, Ye Rin.
245 _aParental involvement and reading proficiency of lower school students /
_cYe Rin Kang.
260 _aLas PiƱas City, Philippines :
_bSouthville International School and Colleges,
_c2011.
300 _a19 pages :
_billustrations ;
_c28 cm.
504 _aIncludes bibliographical references.
650 _aReading proficiency.
650 _aParents
_vInvolvement in education.
650 _aReading achievement.
650 _aElementary school students.
942 _2lcc
_cPASS
999 _c98700
_d98700